00988nam a2200289 a 4500001001000000003000400010005001700014008004100031040002500072049000900097082002200106100003200128245008300160260004000243300002100283490001500304490002200319650002700341650003100368700006100399830002200460830002900482910003700511942001400548952011900562999001700681000027604OSt20240530073919.0110401s1961 dr 000 f spa d aDO-SdBNPbspacBNPHU aBNPD 4a863.44bR457t2221 aReyes, Ramón Emilio9123413aEl testimonio /cRamón Emilio Reyes ; prólogo Antonio Fernández Spencer. aSanto Domingo :bDel Caribe,c1961. a138 p. ;c22 cm.1 aArquerov71 aNovelistas de Hoy 0aNovela dominicana9223 0aLiteratura dominicana.9671 aFernández Spencer, Antonio,d1922-1995epról.922525 0aArqueron7954698 0aNovelistas de Hoy954699 aValidado. Control de calidad EMS 2ddccLBS1 00102ddc718PDaPDbPDcHDd2011-04-01iLF1l0oBNPHU PD-RV 863.44 R457tp27604-10r2020-06-25w2020-06-25yLFPD c27096d27096